Út a biztos jövő felé, avagy a fiatalok öngondoskodási attitűdje hazánkban
| Szerző: | |
|---|---|
| További közreműködők: | |
| Dokumentumtípus: | Diplomadolgozat |
| Kulcsszavak: | öngondoskodás nyugdíjrendszer pénzügyi kultúra |
| Online Access: | http://dolgozattar.uni-bge.hu/19729 |
MARC
| LEADER | 00000nta a2200000 i 4500 | ||
|---|---|---|---|
| 001 | dolg19729 | ||
| 005 | 20181217102149.0 | ||
| 008 | 181217suuuu hu om 000 hun d | ||
| 040 | |a BGE Dolgozattár Repozitórium |b hun | ||
| 041 | |a hu | ||
| 100 | 1 | |a Péter Dániel | |
| 245 | 1 | 0 | |a Út a biztos jövő felé, avagy a fiatalok öngondoskodási attitűdje hazánkban |c Péter Dániel |h [elektronikus dokumentum] |
| 695 | |a öngondoskodás | ||
| 695 | |a nyugdíjrendszer | ||
| 695 | |a pénzügyi kultúra | ||
| 700 | 1 | |a Hajnalka Dr Zsolt |e ths | |
| 700 | 1 | |a Tanka Nikoletta |e ths | |
| 856 | 4 | 0 | |u http://dolgozattar.uni-bge.hu/19729/1/szakdolgozat2018.pdf |z Dokumentum-elérés |